<?xml version="1.0" encoding="UTF-8"?>
<collection xmlns="http://www.loc.gov/MARC21/slim">
 <record>
  <leader>01001pam a22002418a 4500</leader>
  <controlfield tag="001">00040304</controlfield>
  <controlfield tag="005">20171122141133.0</controlfield>
  <controlfield tag="008">110330s1995                  ||||||Viesd</controlfield>
  <datafield tag="020" ind1="#" ind2="#">
   <subfield code="a">978 604 57 1822 3</subfield>
   <subfield code="c">64000</subfield>
  </datafield>
  <datafield tag="041" ind1="0" ind2="#">
   <subfield code="a">Vie</subfield>
  </datafield>
  <datafield tag="082" ind1="1" ind2="4">
   <subfield code="a">306.440959 77</subfield>
   <subfield code="b">NG454NG</subfield>
  </datafield>
  <datafield tag="100" ind1="0" ind2="#">
   <subfield code="a">Hồ Xuân Mai</subfield>
  </datafield>
  <datafield tag="245" ind1="0" ind2="0">
   <subfield code="c">Hồ Xuân Mai</subfield>
   <subfield code="a">Ngôn Ngữ văn hóa Nam Bộ</subfield>
  </datafield>
  <datafield tag="260" ind1="#" ind2="#">
   <subfield code="a">Hà Nội</subfield>
   <subfield code="b">Chính trị quốc gia Sự Thật</subfield>
   <subfield code="c">2015</subfield>
  </datafield>
  <datafield tag="300" ind1="#" ind2="#">
   <subfield code="a">200 tr.</subfield>
   <subfield code="c">21 cm.</subfield>
   <subfield code="e">Thư mục: Tr. 185 -194</subfield>
  </datafield>
  <datafield tag="500" ind1="#" ind2="#">
   <subfield code="a">ĐTTS ghi: Viện Hàn lâm khoa học xã hội Việt Nam. Viện Khoa học xã hội vùng nam bộ. Trung tâm nghiên cứu ngôn ngữ</subfield>
  </datafield>
  <datafield tag="653" ind1="#" ind2="#">
   <subfield code="a">Nam bộ</subfield>
  </datafield>
  <datafield tag="653" ind1="#" ind2="#">
   <subfield code="a">Ngôn ngữ</subfield>
  </datafield>
  <datafield tag="653" ind1="#" ind2="#">
   <subfield code="a">Việt Nam</subfield>
  </datafield>
  <datafield tag="653" ind1="#" ind2="#">
   <subfield code="a">Văn hóa</subfield>
  </datafield>
  <datafield tag="852" ind1="#" ind2="#">
   <subfield code="j">KD.0022697</subfield>
   <subfield code="j">KM.0023898</subfield>
   <subfield code="j">KM.0023907</subfield>
   <subfield code="j">KM.0023900</subfield>
   <subfield code="j">KM.0023906</subfield>
   <subfield code="j">KM.0023899</subfield>
   <subfield code="j">KM.0023901</subfield>
  </datafield>
  <datafield tag="910" ind1=" " ind2=" ">
   <subfield code="d">22/11/2017</subfield>
  </datafield>
  <datafield tag="980" ind1="#" ind2="#">
   <subfield code="a">Trung tâm Học liệu Lê Vũ Hùng, Trường Đại học Đồng Tháp</subfield>
  </datafield>
 </record>
</collection>
